|
|
|
|
| LEADER |
02014nam a22003135i 4500 |
| 001 |
28989 |
| 003 |
BD-DhAAL |
| 005 |
20251102095636.0 |
| 008 |
150314s2015 nyu 000 0 eng |
| 010 |
|
|
|a 2014940452
|
| 020 |
|
|
|a 9780198718574 (hardback)
|
| 040 |
|
|
|a DLC
|b eng
|e rda
|c DLC
|d BD-DhAAL
|
| 042 |
|
|
|a pcc
|
| 082 |
0 |
0 |
|a 382.456413
|2 20
|
| 245 |
1 |
0 |
|a Food price policy in an era of market instability :
|b a political economy analysis /
|c edited by Per Pinstrup-Andersen.
|
| 260 |
|
|
|a Oxford :
|b Oxford University Press,
|c 2015.
|
| 300 |
|
|
|a xxxiii, 508 pages :
|b illustrations ;
|c 24 cm.
|
| 490 |
0 |
|
|a Wider studies in development economics
|
| 504 |
|
|
|6 Includes bibliographical references and index.
|
| 505 |
|
|
|a Part I. An Overview -- Part II. Synthesis of Findings from Country Studies -- Part III. The Political Economy of Food Price Policy in Low-income Landlocked Countries -- Part IV. The Political Economy of Food Price Policy in Low-income Countries with Limited Dependence on Food Imports -- Part V. The Political Economy of Food Price Policy in Low- and Middle-income Countries Heavily Dependent on Food Import -- Part VI. The Political Economy of Food Price Policy in Large Exporters -- Part VII. The Political Economy of Food Price Policy in High-income Countries -- Part VIII. Conclusions and Recommendations.
|
| 541 |
|
|
|e 28989
|
| 650 |
|
0 |
|a Food industry and trade
|x Government policy.
|9 9585
|
| 650 |
|
0 |
|a Food supply
|x Government policy.
|9 9586
|
| 650 |
|
0 |
|a Food supply
|x History
|y 21st century.
|9 9587
|
| 700 |
1 |
|
|a Pinstrup-Andersen, Per.
|9 9588
|
| 942 |
|
|
|2 ddc
|c BK
|
| 999 |
|
|
|c 34023
|d 34023
|
| 952 |
|
|
|0 0
|1 0
|2 ddc
|4 0
|6 382_456413000000000_FOO
|7 0
|9 53103
|a BRACUL
|b BRACUL
|c GEN
|d 2015-03-14
|e Development Book Agency
|g 7400.00
|l 0
|o 382.456413 FOO
|p 3010028989
|r 2015-03-14
|t 1
|w 2015-03-14
|y BK
|
| 952 |
|
|
|0 0
|1 0
|2 ddc
|4 0
|6 382_000000000000000__456413_FOO
|7 0
|9 53781
|a BRACUL
|b BRACUL
|c GEN
|d 2015-05-18
|e Anupam Gyan Bhander
|g 7400.00
|l 2
|m 3
|o 382.456413 FOO
|p 3010029121
|r 2022-04-02
|s 2022-03-16
|t 2
|w 2015-05-18
|y BK
|